रचना का गर्भगृह / (Record no. 210010)

MARC details
000 -LEADER
fixed length control field 01539nam a22002537a 4500
005 - DATE AND TIME OF LATEST TRANSACTION
control field 20251210110122.0
010 ## - LCCN (DPL NO)
LC control number B-773761-770 HIN-130602 25BACHN25
020 ## - INTERNATIONAL STANDARD BOOK NUMBER
International Standard Book Number 9789394902879
Terms of availability 595.00
035 ## - SYSTEM CONTROL NUMBER
System control number B-773761-770
035 ## - SYSTEM CONTROL NUMBER
System control number HN-102948
037 ## - SOURCE OF ACQUISITION
Source of stock number/acquisition राजकमल प्रकाशन
037 ## - SOURCE OF ACQUISITION
Source of stock number/acquisition पुस्तक प्रदान अधिनियम प्रभाग
082 ## - DEWEY DECIMAL CLASSIFICATION NUMBER
Classification number
100 ## - MAIN ENTRY--PERSONAL NAME
Personal name सोबती, कृष्णा
245 ## - TITLE STATEMENT
Title रचना का गर्भगृह /
Statement of responsibility, etc कृष्णा सोबती: आर.चेतनक्रान्ति द्वारा संकलित एवं संपादित
260 ## - PUBLICATION, DISTRIBUTION, ETC. (IMPRINT)
Place of publication, distribution, etc नई दिल्ली
Name of publisher, distributor, etc राजकमल प्रकाशन
Date of publication, distribution, etc 2023
270 ## - ADDRESS
Address 1-बी,नेताजी सुभाष मार्ग
City नई दिल्ली
Postal code 110002
300 ## - PHYSICAL DESCRIPTION
Extent 144 पृ
Other physical details सचित्र
Dimensions 23सेमी (सजिल्द)
650 ## - SUBJECT ADDED ENTRY--TOPICAL TERM
Topical term or geographic name as entry element हिन्दी कथा साहित्य
650 ## - SUBJECT ADDED ENTRY--TOPICAL TERM
Topical term or geographic name as entry element Hindi fiction
700 ## - ADDED ENTRY--PERSONAL NAME
Personal name आर.चेतनक्रान्ति
9 (RLIN) 79161
942 ## - ADDED ENTRY ELEMENTS (KOHA)
Source of classification or shelving scheme Dewey Decimal Classification
Item type Hindi Books
Classification part
Call number suffix सोबती
Holdings
Withdrawn status Lost status Not for loan Collection code Home library Current library Date acquired Source of acquisition Cost, normal purchase price Full call number Barcode Copy number Cost, replacement price Koha item type
      Fiction Ashok Vihar Ashok Vihar 04/09/2025 राजकमल प्रकाशन/17200/24.03.2025/159/21.03.2025/27.03.2025 595.00 सोबती क B-773763 1 595.00 Hindi Books
      Fiction Bawana Bawana 04/09/2025 राजकमल प्रकाशन/17200/24.03.2025/159/21.03.2025/27.03.2025 595.00 सोबती क B-773767 1 595.00 Hindi Books
      Fiction Central Library Central Library 04/09/2025 राजकमल प्रकाशन/17200/24.03.2025/159/21.03.2025/27.03.2025 595.00 सोबती क B-773761 2 595.00 Hindi Books
      Fiction Central Library Central Library 04/09/2025 राजकमल प्रकाशन/17200/24.03.2025/159/21.03.2025/27.03.2025 595.00 सोबती क B-773762 2 595.00 Hindi Books
      Fiction Community Library Lodhi Road Community Library Lodhi Road 04/09/2025 राजकमल प्रकाशन/17200/24.03.2025/159/21.03.2025/27.03.2025 595.00 सोबती क B-773769 1 595.00 Hindi Books
      Fiction Janak Puri Janak Puri 04/09/2025 राजकमल प्रकाशन/17200/24.03.2025/159/21.03.2025/27.03.2025 595.00 सोबती क B-773765 1 595.00 Hindi Books
      Fiction New Rohtak Road New Rohtak Road 04/09/2025 राजकमल प्रकाशन/17200/24.03.2025/159/21.03.2025/27.03.2025 595.00 सोबती क B-773766 1 595.00 Hindi Books
      Fiction Patel Nagar Patel Nagar 04/09/2025 राजकमल प्रकाशन/17200/24.03.2025/159/21.03.2025/27.03.2025 595.00 सोबती क B-773764 1 595.00 Hindi Books
      Fiction RCZLS D RCZLS D 04/09/2025 राजकमल प्रकाशन/17200/24.03.2025/159/21.03.2025/27.03.2025 595.00 सोबती क B-773770 1 595.00 Hindi Books
      Fiction Sarojini Nagar Sarojini Nagar 10/12/2025 Delivery of Books Act Division 595.00 क सोबती HN-102948 1 595.00 Hindi Books
      Fiction Shahdara Branch Shahdara Branch 04/09/2025 राजकमल प्रकाशन/17200/24.03.2025/159/21.03.2025/27.03.2025 595.00 सोबती क B-773768 1 595.00 Hindi Books

© Delhi Public Library
Hit Counter
free hit counter